| 000 | 00483cam a2200145 4500500 | ||
|---|---|---|---|
| 005 | 20260322001001.0 | ||
| 041 | _afre | ||
| 042 | _adc | ||
| 100 | 1 | 0 |
_aBennassar, Bartolomé _eauthor |
| 245 | 0 | 0 | _aEt Cabrai découvrit le Brésil |
| 260 | _c2014. | ||
| 500 | _a23 | ||
| 786 | 0 | _nL'Histoire - Les Collections | 63 | 2 | 2014-04-10 | p. 26-32 | 2727-6945 | |
| 856 | 4 | 1 | _uhttps://shs.cairn.info/magazine-hist-l-hisoire-les-collections-2014-2-page-26?lang=fr&redirect-ssocas=7080 |
| 999 |
_c1710953 _d1710953 |
||